Statistics for Australia, Prime Ministers of

Click here to take the quiz!

General Stats

  • This quiz has been taken 11 times
  • The average score is 24 of 38

Answer Stats

TermPartyPrime Minister% Correct
1966-1967LiberalHarold Holt
100%
1939-1941United AustraliaRobert Menzies
100%
1949-1966LiberalRobert Menzies
100%
2022-IncumbentLaborAnthony Albanese
86%
1983-1991LaborBob Hawke
86%
2010-2013LaborJulia Gillard
86%
2015-2018LiberalMalcolm Turnbull
86%
2013-2015LiberalTony Abbott
86%
1941CountryArthur Fadden
71%
1945-1949LaborBen Chifley
71%
1972-1975LaborGough Whitlam
71%
1941-1945LaborJohn Curtin
71%
1968-1971LiberalJohn Gorton
71%
1996-1997LiberalJohn Howard
71%
1967-1968CountryJohn McEwen
71%
1932-1939United AustraliaJoseph Lyons
71%
2007-2010LaborKevin Rudd
71%
2013LaborKevin Rudd
71%
1975-1983LiberalMalcolm Fraser
71%
1991-1996LaborPaul Keating
71%
2018-2022LiberalScott Morrison
71%
1971-1972LiberalWilliam McMahon
71%
1917-1923NationalistBilly Hughes
57%
1916-1917National LaborBilly Hughes
57%
1915-1916LaborBilly Hughes
57%
1904LaborChris Watson
57%
1939CountryEarl Page
57%
1901-1903ProtectionistEdmund Barton
57%
1945LaborFrank Forde
57%
1929-1932LaborJames Scullin
57%
1904-1905Free TradeGeorge Reid
43%
1923-1929NationalistStanley Bruce
43%
1903-1904ProtectionistAlfred Deakin
29%
1909-1910LiberalAlfred Deakin
29%
1905-1908ProtectionistAlfred Deakin
29%
1910-1913LaborAndrew Fisher
29%
1908-1909LaborAndrew Fisher
29%
1913-1914LiberalJoseph Cook
29%

Score Distribution

Percentile by Number Answered

Percent of People with Each Score

Your Score History

You have not taken this quiz